000 00748nam a22002291i 4500
001 134106
003 ES-MaACL
005 20230906194612.0
007 t|
008 070905s1951 sp ||||0| spa d
016 7 _zIND2000943438
040 _aM-BN
_bspa
_cCDM
080 _a668.53(02)
100 1 _aWest, T. F.
_9116555
245 1 0 _aPerfumes sintéticos
_b: su química y preparación /
_cT. F. West, H. J. Strausz, D. H. R. Barton ; versión española por H. García Aráez.
260 _aMadrid :
_bAguilar,
_c[1951] (
_fNuevas Gráficas)
300 _aXIX, 452 p. ;
_c22 cm.
700 1 _aBarton, D. H. R.
_926182
700 1 _aStrausz, H. J.
_9108408
700 0 _aGarcía Aráez, H.
_954171
852 _aES-MaACL
_jD-5964
_bR.32077
999 _c134106
_d134106